| 000 | 00569nam a2200181 i 4500 | ||
|---|---|---|---|
| 001 | 105843 | ||
| 003 | ES-MaACL | ||
| 007 | t| | ||
| 008 | 060901s1973 fr ||||1| fre d | ||
| 080 | _a338.984.3(44) | ||
| 100 | 1 |
_aDurrieu, Yves. _946325 |
|
| 245 | 1 | 2 |
_aL'impossible régionalisation capitaliste _b: témoignages de Fos et du Languedoc / _cYves Durrieu. |
| 260 |
_aParis : _bAnthropos, _c[1973] |
||
| 300 |
_a268 p. ; _c19 cm. |
||
| 500 | _aBiblioteca Juan Andrade. | ||
| 650 | 1 | 4 |
_aDesarrollo regional- _zFrancia. _911813 |
| 852 |
_aES-MaACL _jAND-658 _bR.109955 |
||
| 999 |
_c105843 _d105843 |
||